| 000 | 00828nam a2200217 a 4500 | ||
|---|---|---|---|
| 003 | 0 | ||
| 005 | 20250312111151.0 | ||
| 008 | 080725s19uu xx 00 eng d | ||
| 050 |
_aPGS RJ 496.S7.T44 _b.At864 2008 |
||
| 100 | _aAtendido, Jan Nathalia A. | ||
| 245 |
_aPerception of parents of children with speech delay on speech therapy / _cJan Nathalia A. Atendido. |
||
| 260 |
_aLas PiƱas City, Philippines : _bSouthville International School and Colleges, _c2008. |
||
| 300 |
_a21 pages : _billustrations ; _c28 cm. |
||
| 504 | _aIncludes bibliographical references. | ||
| 650 | _aSpeech disorders in children. | ||
| 650 | _aSpeech therapy for children. | ||
| 650 | _aParental attitudes. | ||
| 650 | _aDelayed speech in children. | ||
| 650 | _aParent participation in speech therapy. | ||
| 942 |
_2lcc _cPASS |
||
| 999 |
_c97940 _d97940 |
||